Automatizace chladících zařízení

Salvato in:
Dettagli Bibliografici
Autore principale: Polák, Vilém (Autore)
Natura: Libro
Lingua:ceco
Pubblicazione: Praha : SNTL, 1983
Tags: Aggiungi Tag
Nessun Tag, puoi essere il primo ad aggiungerne!!

MARC

LEADER 00000nam a22000003a 4500
001 stu87902
005 20150617225630.3
008 040615s1983------------------------cze-d
040 |a STU  |b slo 
041 0 |a cze 
080 |a 681.5 
080 |a 621.56  |7 stu_us_auth*stu2164 
100 1 |a Polák, Vilém  |4 aut 
245 1 |a Automatizace chladících zařízení 
260 |a Praha :  |b SNTL,  |c 1983 
300 |a 283 s 
996 |c V*25961/O-10707  |l VV18  |s P  |a 0  |w stu87902_0001